| 000 | 01152cam a2200313 i 4500 | ||
|---|---|---|---|
| 001 | 832612 | ||
| 003 | ARRUPE | ||
| 005 | 20240206095055.0 | ||
| 008 | 771208s1978 enk 001 0 eng | ||
| 010 | _a 77030415 | ||
| 015 | _aGB78 | ||
| 020 |
_a0198245874. _a0198245882 _c£2.95 |
||
| 040 |
_aDLC _cDLC _dDLC |
||
| 050 | 0 | 0 |
_aB1485 _b 1978 |
| 082 | 0 | 0 | _a128 |
| 100 | 1 |
_aHume, David, _d1711-1776. |
|
| 245 | 1 | 2 |
_aA treatise of human nature / _cby David Hume ; edited with an analytical index by L. A. Selby-Bigge. |
| 250 |
_a2d ed. / _bwith text rev. and variant readings by P. H. Nidditch. |
||
| 260 |
_aOxford : _bClarendon Press ; _aNew York : _bOxford University Press, _c1978. |
||
| 300 |
_axix, 743 p. ; _c20 cm. |
||
| 500 | _aIncludes original t.p. | ||
| 500 | _aIncludes index. | ||
| 505 | 0 | _aBook 1. Of the understanding.--Book 2. Of the passions.--Book 3. Of morals.--Abstract of the treatise. | |
| 650 | 0 | _aKnowledge, Theory of. | |
| 700 | 2 |
_aSelby-Bigge, L. A. _q(Lewis Amherst), _cSir, _d1860-1951. _952376 |
|
| 700 | 1 |
_aNidditch, P. H. _952377 |
|
| 906 |
_a7 _bcbc _corignew _d1 _eocip _f19 _gy-gencatlg |
||
| 942 |
_2lcc _cMONOGRAPH |
||
| 999 |
_c131769 _d131769 |
||